History, its purpose and method /

محفوظ في:

المؤلف الرئيسي: Renier, Gustaaf Johannes, 1892-1962. (مؤلف)

التنسيق: كتاب

اللغة: English

منشور في: London : Allen & Unwin, [1950].

الموضوعات:

الوسوم: إضافة وسم

لا توجد وسوم, كن أول من يضع وسما على هذه التسجيلة!

رقم الطلب: D16 .R35 1950

LEADER 00628namaa2200217 4500
001 21048
003 OSt
005 20251118115645.0
008 130303s1950 enk b 000 0 eng d
040 |c ARCE Library 
050 4 |a D16 .R35 1950 
100 1 |a Renier, Gustaaf Johannes,  |d 1892-1962.  |e author  |9 38357 
245 1 0 |a History, its purpose and method /  |c Gustaaf Johannes Renier. 
264 1 |a London :  |b Allen & Unwin,  |c [1950]. 
300 |a 272 pages ;  |c 22 cm. 
504 |a Bibliographical footnotes. 
650 0 |a History  |x Methodology. 
650 0 |a History  |x Philosophy. 
901 |a reviewed 
942 |c BK  |2 lcc 
999 |c 18300  |d 18300